Sobre la estructura de la epidermis foliar de las "selaginella" : (Record no. 174189)

MARC details
000 -LEADER
campo de control de longitud fija 01058namaa2200241 i 4500
001 - NÚMERO DE CONTROL
campo de control 174189
003 - IDENTIFICADOR DE NÚMERO DE CONTROL
campo de control ES-MaACL
005 - FECHA Y HORA DE LA ÚLTIMA TRANSACCIÓN
campo de control 20230906215447.0
008 - DATOS DE LONGITUD FIJA--INFORMACIÓN GENERAL
campo de control de longitud fija 100302s1925 sp | |||| ||spa d
080 ## - NÚMERO DE LA CLASIFICACIÓN DECIMAL UNIVERSAL
Número de la Clasificación Decimal Universal 581.116
080 ## - NÚMERO DE LA CLASIFICACIÓN DECIMAL UNIVERSAL
Número de la Clasificación Decimal Universal 581.8
100 0# - ENTRADA PRINCIPAL--NOMBRE DE PERSONA
Nombre de persona Alvarado, Salustio.
9 (RLIN) 20597
245 10 - MENCIÓN DEL TÍTULO
Título Sobre la estructura de la epidermis foliar de las "selaginella" :
Resto del título una nueva disposición estructural para la absorción de agua por los órganos aéreos de las plantas /
Mención de responsabilidad, etc. por Salustio Alvarado.
260 ## - PUBLICACIÓN, DISTRIBUCIÓN, ETC.
Lugar de publicación, distribución, etc. Madrid :
Nombre del editor, distribuidor, etc. Junta para Ampliación de Estudios e Investigaciones Científicas,
Fecha de publicación, distribución, etc. 1925.
300 ## - DESCRIPCIÓN FÍSICA
Extensión 30 p. :
Otras características físicas il. ;
Dimensiones 23 cm.
490 1# - MENCIÓN DE SERIE
Mención de serie Trabajos del Museo Nacional de Ciencias Naturales. Serie botánica ;
Designación de volumen o secuencia 19
650 #4 - PUNTO DE ACCESO ADICIONAL DE MATERIA--TÉRMINO DE MATERIA
Término de materia o nombre geográfico como elemento de entrada Plantas-
Subdivisión geográfica Transpiración.
9 (RLIN) 142285
650 #4 - PUNTO DE ACCESO ADICIONAL DE MATERIA--TÉRMINO DE MATERIA
Término de materia o nombre geográfico como elemento de entrada Histología vegetal.
9 (RLIN) 142286
710 2# - ENTRADA AGREGADA--NOMBRE DE ENTIDAD CORPORATIVA
Nombre de entidad corporativa o nombre de jurisdicción como elemento de entrada Junta para la Ampliación de Estudios e Investigaciones Científicas.
9 (RLIN) 5413
830 1# - PUNTO DE ACCESO ADICIONAL DE SERIE-TÍTULO UNIFORME
Título uniforme Trabajos del Museo Nacional de Ciencias Naturales. Serie botánica ;
Designación de volumen o secuencia 19
9 (RLIN) 189324
852 4# - LOCALIZACIÓN
Ubicación ES-MaACL
Número de control de estantería F-13138(5)
Holdings
Estatus retirado Estado de pérdida Estado de daño No para préstamo Biblioteca de origen Biblioteca actual Ubicación en estantería Fecha de adquisición Fuente de adquisición Total de préstamos Signatura topográfica completa Código de barras Visto por última vez Precio de reemplazo Tipo de ítem Koha
        Biblioteca del Ateneo de Madrid Biblioteca del Ateneo de Madrid Sala Pecera Planta 2 02/03/2010     F-13138(5) 1182840 23/02/2023 23/02/2023 Libro impreso